Ag-содержащие цеолитные катализаторы процессов поликонденсации гликолевой кислоты и полимеризации гликолида; Химия и химическая технология в XXI веке

Detalles Bibliográficos
Parent link:Химия и химическая технология в XXI веке.— 2019.— [С. 237-238]
Autor principal: Горбунова А. Алина
Autor Corporativo: Национальный исследовательский Томский политехнический университет Исследовательская школа химических и биомедицинских технологий (ИШХБМТ)
Otros Autores: Герман Д. Ю. Дмитрий Юрьевич (научный руководитель), Колобова Е. Н. Екатерина Николаевна, Пестряков А. Н. Алексей Николаевич
Sumario:Заглавие с экрана
Lenguaje:ruso
Publicado: 2019
Colección:Теоретические и прикладные аспекты физической и аналитической химии
Materias:
Acceso en línea:http://earchive.tpu.ru/handle/11683/55545
Formato: Electrónico Capítulo de libro
KOHA link:https://koha.lib.tpu.ru/cgi-bin/koha/opac-detail.pl?biblionumber=629409

MARC

LEADER 00000naa2a2200000 4500
001 629409
005 20260409092158.0
035 |a (RuTPU)RU\TPU\conf\30019 
035 |a RU\TPU\conf\30015 
090 |a 629409 
100 |a 20190620d2019 k y0rusy50 ca 
101 0 |a rus 
102 |a RU 
135 |a drgn ---uucaa 
181 0 |a i  
182 0 |a b 
200 1 |a Ag-содержащие цеолитные катализаторы процессов поликонденсации гликолевой кислоты и полимеризации гликолида  |f А. А. Горбунова, Д. Ю. Герман  |g науч. рук. Е. Н. Колобова, А. Н. Пестряков 
203 |a Текст  |c электронный 
225 1 |a Теоретические и прикладные аспекты физической и аналитической химии 
300 |a Заглавие с экрана 
463 0 |0 (RuTPU)RU\TPU\conf\29907  |t Химия и химическая технология в XXI веке  |o материалы XX Международной научно-практической конференции имени профессора Л. П. Кулёва студентов и молодых ученых, 20–23 мая 2019 г., г. Томск  |f Национальный исследовательский Томский политехнический университет  |v [С. 237-238]  |d 2019 
610 1 |a электронный ресурс 
610 1 |a труды учёных ТПУ 
610 1 |a цеолитные катализаторы 
610 1 |a поликонденсация 
610 1 |a гликолевая кислота 
610 1 |a полимеризация 
610 1 |a гликолиды 
610 1 |a биоразлагаемые материалы 
610 1 |a полимерные материалы 
610 1 |a серебро 
700 1 |a Горбунова  |b А.  |c химик-технолог  |c инженер Томского политехнического университета  |f 1998-  |g Алина  |3 (RuTPU)RU\TPU\pers\46790  |9 22426 
701 1 |a Герман  |b Д. Ю.  |c химик-технолог  |c младший научный сотрудник Томского политехнического университета  |f 1993-  |g Дмитрий Юрьевич  |3 (RuTPU)RU\TPU\pers\41418  |9 21406 
702 1 |a Колобова  |b Е. Н.  |c химик-технолог  |c инженер-проектировщик Томского политехнического университета  |f 1989-  |g Екатерина Николаевна  |4 727 
702 1 |a Пестряков  |b А. Н.  |c химик  |c профессор Томского политехнического университета, доктор химических наук  |f 1963-  |g Алексей Николаевич  |4 727 
712 0 2 |a Национальный исследовательский Томский политехнический университет  |b Исследовательская школа химических и биомедицинских технологий (ИШХБМТ)  |c (2017- )  |3 (RuTPU)RU\TPU\col\23537 
801 2 |a RU  |b 63413507  |c 20210312  |g RCR 
850 |a 63413507 
856 4 0 |u http://earchive.tpu.ru/handle/11683/55545  |z http://earchive.tpu.ru/handle/11683/55545 
942 |c CF